000 00320 a2200109 4500
001 ART_30614
005 20260410162002.0
008 260409a
245 1 0 _aManagement del tercer milenio
100 1 _aVinitzky, Guillermo Mario
773 0 _tForo económico
_g- Año III, Nº 4 (mayo 1997)
_wREV30369
999 _c31418
_d31418